000 00886nam a2200265 a 4500
001 BRL_159
005 20190320210620.0
008 760802s1944####mx-ab####b---#000-0#spa-#
041 _aspa
044 _amx
050 4 _aF1376
_b.R43 1944
100 1 _aRedfield, Robert
_d1897-
_922755
245 1 0 _aYucatán
_buna cultura de transición
_cRobert Redfield ; versión española de Julio de la Fuente.
260 _aMéxico
_bFondo de Cultura Económica
_c1944
300 _a484 p.
_bil., mapas
_c21 cm.
440 0 _aSección de obras de sociología. Grandes estudios
_v2
_923068
500 _aAu18
500 _aTraducción de: The folk culture of Yucatan
500 _aEstado físico: encuadernado, enero 2016
650 1 4 _aMayas
_xAntigüedades
_99555
651 4 _aYucatán
_xCivilización
_923069
700 1 _aFuente, Julio de la
_etr.
_923070
902 _aGRL
942 _2lcc
_cB
999 _c8972
_d8972